000 00484nam a22001337a 4500
005 20241221091006.0
008 241002b |||||||| |||| 00| 0 eng d
100 _aPamaran, Ma. Cristina P.
_eauthor.
_961976
245 _aContemporary learning /
_cMa. Cristina P. Pamaran.
260 _aPhilippines;
_bPublishers Association of the Philippines, Inc.,
_cDecember 2018.
300 _aVolume 66, pages 247-248.
700 _aPamaran, Ma. Cristina P.
_eauthor.
_961977
942 _2ddc
_cPER
999 _c22093
_d22093